Malí zákazníci s veľkým vplyvom
Nakupovanie detí. Sila detí na trhu rastie. Bezpečné pohybovanie mladých ľudí v internetovom prostredí. Pokrytie trhu. Vnímanie detí ako kľúčového segmentu. Neviditeľní zákazníci. Odlišnosti segmentu detských zákazníkov. Aktívny prístup.
Enregistré dans:
| Auteur principal: | |
|---|---|
| Format: | Chapitre de livre |
| Langue: | slovaque |
| Sujets: | |
| Tags: |
Pas de tags, Soyez le premier à ajouter un tag!
|
MARC
| LEADER | 00000naa$a2200000$$$4500 | ||
|---|---|---|---|
| 001 | 0059726 | ||
| 005 | 20231009073432.0 | ||
| 041 | 0 | |a slo | |
| 044 | |a SK | ||
| 245 | 1 | 0 | |a Malí zákazníci s veľkým vplyvom |c Barbora Mančíková |
| 520 | |a Nakupovanie detí. Sila detí na trhu rastie. Bezpečné pohybovanie mladých ľudí v internetovom prostredí. Pokrytie trhu. Vnímanie detí ako kľúčového segmentu. Neviditeľní zákazníci. Odlišnosti segmentu detských zákazníkov. Aktívny prístup. | ||
| 610 | 2 | 0 | |a zákazníci |
| 610 | 2 | 0 | |a deti |
| 610 | 2 | 0 | |a produkty |
| 610 | 2 | 0 | |a segmentácia trhu |
| 610 | 2 | 0 | |a nákup |
| 100 | 1 | |a Mančíková, Barbora | |